000 00569nmm a2200169Ia 4500
008 251105s9999||||xx |||||||||||||||||und||
020 _a9788478279944
041 _aspa
100 _aGiráldez, Andrea (coord.)
245 0 _aMúsica : complementos de formación disciplinar
264 _a[Madrid, España] :
_bMinisterio de Educación, Cultura y Deporte de España,
_c2010
300 _a174 páginas
490 _aFormación del profesorado. Educación secundaria
650 _aEducation
856 _uhttps://public.digitaliapublishing.com/a/30239
942 _cCF
999 _c85501
_d85501